01384nab a22002897a 4500999001500000003000400015005001700019008004100036040000700077100004200084245010200126260004200228300001200270500003700282505032300319505008900642650002600731650001800757650003400775650002900809650003000838650003300868650002300901650003100924773012600955942001301081 c6383d6383OSt20260201154300.0190506c xxu||||| |||| 00| 0 spa d cPJ 95205aChartzman Birenbaum, Alberto D.13aLos límites de la digitalización en las relaciones laborales /bAlberto Chartzman Birenbaum.  aBuenos Aires :bAbeledoPerrot,c2023. ap. 3-12 aCita: TR LALEY AR/DOC/1709/2023  aSumario: I. Introducción.— II. El futuro del trabajo en la era post COVID-19.— III. El trabajo decente crucial para el desarrollo sostenible.— IV. Los límites en la digitalización de las relaciones laborales.— V. Hacia el nuevo paradigma laboral.— VI. Conclusiones.— VII. Bibliografía de consulta.  t¿Te interesa el texto completo? Comunicate al correo: koha@justierradelfuego.gov.ar 091316aDERECHO LABORAL 09281aINTERNET 095817aINTELIGENCIA ARTIFICIAL 09273aDERECHO INFORMATICO 091323aCONTRATO DE TRABAJO 091319aCONDICIONES DE TRABAJO 091318aREMUNERACION 091803aRELACIONES LABORALES0 0275193202dBuenos Aires : AbeledoPerrot, 2013-tRevista de derecho laboral y seguridad social. Nº 17 - Septiembre 2023 2udccANA